00648nam a2200241Ia 4500008004100000020001400041050001100055050001400066100001800080245004400098245007900142245002100221250001900242260002300261260002000284260000900304300002100313300002000334300001000354650001400364650001700378700001100395171025s9999 xx 000 0 und d a156002221 a794.73 bB995 1996 aByrne, Robert aWonderful world of pool and billiards : ba cornucopia of instruction, strategy, anecdote, and colorful characters / cby Robert Byrne. aFirst edition  aOrlando, Florida : bHarcourt Brace, c1996 axii, 259 pages : billustrations ; c25cm. aBillards. aPool (Game). aTitle.